Compounding for rolling resistance traction and tread wear : A review of the fundamentals. Paper presented at a meeting of the Rubber Division, American Chemical Society, Georgia, April 29-May1 2002. No.36 (Record no. 42283)

MARC details
000 -LEADER
fixed length control field 00450nam a2200109Ia 4500
082 ## - DEWEY DECIMAL CLASSIFICATION NUMBER
Classification number NR:061.32002
Item number ACS.36
100 ## - MAIN ENTRY--AUTHOR NAME
Personal name Palombo, Jim
245 #0 - TITLE STATEMENT
Title Compounding for rolling resistance traction and tread wear : A review of the fundamentals. Paper presented at a meeting of the Rubber Division, American Chemical Society, Georgia, April 29-May1 2002. No.36
260 ## - PUBLICATION, DISTRIBUTION, ETC. (IMPRINT)
Place of publication Georgia
Name of publisher ACS
Year of publication 2002
942 ## - ADDED ENTRY ELEMENTS (KOHA)
Koha item type Books
Holdings
Withdrawn status Lost status Damaged status Not for loan Home library Current library Date acquired Cost, normal purchase price Full call number Accession Number Koha item type
        RRII Library RRII Library 16/12/2021 25.00 NR:061.32002 ACS.36 22558 Books